000 00461nam a2200217Ia 4500
003 OSt
005 20220924145531.0
006 a|||||r|||| 00| 0
007 ta
008 PER
024 _a329178
037 _cTextual
040 _aARTS
_cARTS
_bPER
041 _2PER
_aPER
082 _aP164, K7
245 0 _aSukhan shanasi
260 _c1967
650 _aPERSIAN LANGUAGE
942 _hP164, K7
_cTEXL
_2CC
999 _c460394
_d460394